00651cam a22002051 4500001001300000003000400013005001700017008004100034010001700075035002000092040003700112050002500149082001900174100003700193245008100230260002600311300005300337700004000390999001500430af 48002305 DLC20260227110854.0930726s1944 it bch 000 0 ita c aaf 48002305  a(OCoLC)28516961 aCalifornia. Univ. Libr.cCUdDLC00aDG552.8.G2bA34 194400a945/.08/092aB1 aGaribaldi, Giuseppe,d1807-1882.00aMemorie autobiografiche,bnuova trascrizione e premessa di Jolanda de Blasi. aFirenze,bCyac[1944] axix, 417 p.bports., fold. map, facsims.c18 cm.1 aDe Blasi, Jolanda,d1888-1964,eed. c4967d4967